Elementary photoprocesses in molecules /

Saved in:
Bibliographic Details
Corporate Authors: Nauchnyĭ sovet po problemam fotosinteza (Akademii͡a nauk SSSR), Terenin, Aleksandr Nikolaevich, 1896-1967
Other Authors: Neporent, Bertol'd S.
Format: Book
Language:English
Published: New York : Consultants Bureau, 1968.
Subjects:
LEADER 01021nam a2200241 i 4500
001 c000306760
003 CARM
005 00000000000000.0
008 840316s1968 nyu 0 eng d
019 1 |a 10220850  |z 2223  |5 LACONCORD2021 
035 |a (OCoLC)448791  |5 LACONCORD2021 
082 0 4 |a 541.35 
110 2 |a Nauchnyĭ sovet po problemam fotosinteza (Akademii͡a nauk SSSR) 
245 1 0 |a Elementary photoprocesses in molecules /  |c Edited by Bertol'd S. Neporent. 
260 |a New York :  |b Consultants Bureau,  |c 1968. 
300 |a 339 p. :  |b illus. 
500 |a "Planned to coincide with the seventieth birthday of Academician Aleksandr Nikolaevich Terenin.". 
650 0 |a Photochemistry. 
700 1 |a Neporent, Bertol'd S. 
710 2 |a Terenin, Aleksandr Nikolaevich, 1896-1967. 
852 8 |b CARM  |h A3:AR20G0  |i F04082  |p 0502441  |f BK 
999 f f |i 5a222174-6bce-5126-b854-29f667d51e82  |s c8eaa1f6-0f58-5f67-87e9-1109dfaf4095 
952 f f |p Can circulate  |a CAVAL  |b CAVAL  |c CAVAL  |d CARM 1 Store  |e F04082  |f A3:AR20G0  |h Other scheme  |i book  |m 0502441